000 01043nam0a22002891 4500
001 rc\4710060
005 20220712152334.0
021 _aRU
_b[66-18358]
035 _a(NLR Aleph) 008723553
090 _a9432909
_c9432909
100 _a20130416d1966 |||y0rusy50 ca
101 0 _arus
102 _aRU
105 _aab j |||||
200 1 _aГеография частей света и важнейших государств
_eУчебник для сред. школы
205 _a[6-е изд.]
210 _aМосква
_cПросвещение
_d1966
215 _a295 с., 2 л. ил.
_cил., карт.
_d22
606 _aФизическая география
_jУчебники и пособия
_2psbo
700 1 _aСчастнев
_bП. Н.
_gПетр Николаевич
701 1 _aТерехов
_bП. Г.
_f1882-1961
_gПавел Григорьевич
_3RU\NLR\AUTH\770244435
_4070
801 0 _aRU
_bNLR
_gpsbo
801 1 _aRU
_bELAR
_2rusmarc
852 _aNLR
_j66-5/1360
942 _cBOOK
980 _aNB